| 000 | 01199nam a2200241 a 4500 | ||
|---|---|---|---|
| 001 | 000022571 | ||
| 005 | 20240530073919.0 | ||
| 008 | 101013s2007 dr 000 f spa d | ||
| 020 | _a9789945442182 | ||
| 040 |
_aDO-SdBNP _bspa _cBNPHU |
||
| 082 |
_aRD863.44 _bA473f |
||
| 100 | 1 |
_aÁlvarez López, Wiliams, _d1944- _946460 |
|
| 245 | 1 | 3 |
_aLa forcícola : _bla novela del siglo 21 / _cWiliams Álvarez López. |
| 260 |
_aSanto Domingo : _bTaller, _c2007. |
||
| 300 |
_a123 p. ; _c21 cm. |
||
| 500 | _aIncluye datos biográficos del autor en la contracubierta. | ||
| 505 | 0 |
_aLa fiesta -- _gCapítulo II _tLa gran vaguada -- _gCapítulo III _tEl atentado -- _gCapítulo IV _tRegreso desde el infierno -- _gCapítulo V _tLa llave -- _gCapítulo VI _tEl ultimo rescate -- _gCapítulo VII _tUna gran tarde -- _gCapítulo VIII _tUn mal presagio la práctica macabra -- _gCapítulo IX _tEl viaje -- _gCapítulo X _tDiluvio -- _gCapítulo XI _tLa venganza -- _gCapítulo XII _tSinopsis. |
|
| 590 | _aLa biblioteca posee 2 ejemplares autografiados por el autor. | ||
| 590 | _aInventariado, 2019/LP | ||
| 650 | 0 |
_aNovela dominicana _9223 |
|
| 650 | 0 |
_aLiteratura dominicana. _967 |
|
| 910 | _aValidado. Control de calidad MFF | ||
| 999 |
_c22068 _d22068 |
||